00438 2200169 4500001002100000035002000021245005700041100001900098250001400117260004200131300002200173024001300195084000800208520001400216082001900230990001900249INLIS000000000003563 a0010-0824000062 aMatematika dari Zaman ke ZamancWendi Hendra Saputra aYosep Supriadi ajakarta : aPT Listafariska Putrab2014c101 hlm. c978-602-9232-34-9 a500.05.2 aind aNon Fiksi a500.05.2 YOS m aP29/CP/24/3562